[Event "SVK-ch U16"]
[Site "Stara Lubovna"]
[Date "2021.06.30"]
[Round "6"]
[White "Sulgan, Igor"]
[Black "Rajnicek, Adam"]
[Result "1-0"]
[WhiteElo "1972"]
[BlackElo "1490"]
[PlyCount "53"]
[EventDate "2021.06.26"]
[EventType "swiss"]
[EventRounds "9"]
[EventCountry "SVK"]
[SourceTitle "CBM 203 Extra"]
[Source "ChessBase"]
[SourceDate "2021.09.30"]
[SourceVersion "1"]
[SourceVersionDate "2021.09.30"]
[SourceQuality "1"]

1. d4 d5 2. c4 e6 3. Nc3 Nf6 4. Nf3 c6 5. Bg5 Be7 6. e3 Nbd7 7. Qc2 0-0 8. Bd3 dxc4 9. Bxc4 b5 10. Bd3 a6 11. 0-0 Bb7 12. Rfd1 Qb6 13. Bxh7+ Kh8 14. Ne5 Qd8 15. Bd3 Nxe5 16. dxe5 Nd7 17. Bxe7 Qxe7 18. Qe2 Qg5 19. f4 Qh4 20. Rf1 c5 21. Ne4 f5 22. Ng5 Qh6 23. Rad1 Nb6 24. e4 Qg6 25. exf5 exf5 26. Bxb5 Nc8 27. Bc4 1-0

[Event "SVK-ch U16"]
[Site "Lubovna"]
[Date "2020.08.19"]
[Round "6"]
[White "Sulgan, Igor"]
[Black "Priechodsky, Radovan"]
[Result "1/2-1/2"]
[WhiteElo "1877"]
[BlackElo "1975"]
[PlyCount "66"]
[EventDate "2020.08.15"]
[EventType "swiss"]
[EventRounds "9"]
[EventCountry "SVK"]
[SourceTitle "EXT 2021"]
[Source "ChessBase"]
[SourceDate "2020.10.23"]
[SourceVersion "1"]
[SourceVersionDate "2020.10.23"]
[SourceQuality "1"]

1. d4 d5 2. c4 e6 3. Nc3 Nf6 4. Bg5 Nbd7 5. e3 c6 6. Nf3 Qa5 7. Nd2 Bb4 8. Qc2 0-0 9. Nb3 Qc7 10. Bd3 dxc4 11. Bxc4 b6 12. 0-0 Bb7 13. Ne4 Nd5 14. a3 Be7 15. Bxd5 exd5 16. Bxe7 dxe4 17. Bxf8 Re8 18. Bb4 Re6 19. d5 Rh6 20. d6 Qc8 21. Nd4 Rh5 22. Qxe4 Ne5 23. Nf3 c5 24. Qf4 Bxf3 25. Bc3 Bxg2 26. Bxe5 Bc6 27. f3 f6 28. Bc3 Qh3 29. Rf2 Rf5 30. Qc4+ Kf8 31. e4 Rxf3 32. Rxf3 Qxf3 33. Qe6 Qe3+ 1/2-1/2

[Event "SVK-ch U16"]
[Site "Lubovna"]
[Date "2020.08.15"]
[Round "1"]
[White "Turcan, Richard"]
[Black "Sulgan, Igor"]
[Result "0-1"]
[WhiteElo "2321"]
[BlackElo "1877"]
[PlyCount "77"]
[EventDate "2020.08.15"]
[EventType "swiss"]
[EventRounds "9"]
[EventCountry "SVK"]
[SourceTitle "EXT 2021"]
[Source "ChessBase"]
[SourceDate "2020.10.23"]
[SourceVersion "1"]
[SourceVersionDate "2020.10.23"]
[SourceQuality "1"]

1. d4 Nf6 2. c4 g6 3. Nc3 d6 4. e4 Bg7 5. Be2 0-0 6. Be3 e5 7. d5 Nbd7 8. b4 a5 9. a3 h6 10. c5 Nh7 11. cxd6 cxd6 12. Nb5 Ndf6 13. f3 axb4 14. axb4 Rxa1 15. Qxa1 Nxe4 16. fxe4 Qh4+ 17. Kd2 Qxe4 18. Nc3 Qxb4 19. Nf3 Bf5 20. g4 Be4 21. Rc1 Rc8 22. Qa4 Qb2+ 23. Kd1 Bxf3 24. Rc2 Bxe2+ 25. Kd2 Bb5 26. Qa7 Qb4 27. Qxb7 Qxg4 28. Qxb5 Ng5 29. Kc1 e4 30. Qb4 Be5 31. Kb1 Qf3 32. Bd4 Bxd4 33. Qxd4 Qd3 34. Qb4 Nf3 35. Kb2 Nd4 36. Rc1 Qd2+ 37. Kb1 e3 38. Rd1 Qc2+ 39. Ka1 0-1

[Event "EU-ch U14"]
[Site "Bratislava"]
[Date "2019.08.10"]
[Round "9"]
[White "Broz, Jan"]
[Black "Sulgan, Igor"]
[Result "0-1"]
[WhiteElo "1335"]
[BlackElo "1791"]
[PlyCount "100"]
[EventDate "2019.08.02"]
[EventType "swiss"]
[EventRounds "9"]
[EventCountry "SVK"]
[SourceTitle "EXT 2020"]
[Source "ChessBase"]
[SourceDate "2019.10.17"]
[SourceVersion "1"]
[SourceVersionDate "2019.10.17"]
[SourceQuality "1"]

1. e4 c5 2. Nf3 d6 3. d4 cxd4 4. Nxd4 g6 5. Nc3 Bg7 6. Bc4 Nf6 7. f3 0-0 8. Be3 Nc6 9. Bb3 a6 10. Qd2 Bd7 11. 0-0-0 b5 12. g4 Qc7 13. h4 b4 14. Na4 Nxd4 15. Bxd4 Bxa4 16. Bxa4 a5 17. h5 Rfc8 18. hxg6 hxg6 19. Rh3 b3 20. axb3 Nxe4 21. Qh2 e5 22. Rh1 Kf8 23. Be3 Nf6 24. Bg5 Ke7 25. f4 Rh8 26. Rxh8 Rxh8 27. Qxh8 Bxh8 28. Rxh8 Ke6 29. f5+ gxf5 30. Rh6 fxg4 31. Rxf6+ Kd5 32. b4 axb4 33. Bb3+ Ke4 34. Rxf7 Qc5 35. Rf1 g3 36. Re1+ Kf3 37. Bf7 Kf2 38. Rd1 g2 39. Rd2+ Kg3 40. Rd3+ Kh2 41. Be3 Qxe3+ 42. Rxe3 g1Q+ 43. Kd2 Qg5 44. Bd5 Kg1 45. Kd3 Qg4 46. Re1+ Kf2 47. Re4 Qd1+ 48. Kc4 Qxc2+ 49. Kxb4 Qxb2+ 50. Ka4 Qc2+ 0-1

[Event "EU-ch U14"]
[Site "Bratislava"]
[Date "2019.08.09"]
[Round "8"]
[White "Sulgan, Igor"]
[Black "Chlpek, Daniel"]
[Result "0-1"]
[WhiteElo "1791"]
[BlackElo "1912"]
[PlyCount "82"]
[EventDate "2019.08.02"]
[EventType "swiss"]
[EventRounds "9"]
[EventCountry "SVK"]
[SourceTitle "EXT 2020"]
[Source "ChessBase"]
[SourceDate "2019.10.17"]
[SourceVersion "1"]
[SourceVersionDate "2019.10.17"]
[SourceQuality "1"]

1. d4 Nf6 2. Nf3 d5 3. Bg5 e6 4. e3 Be7 5. c4 0-0 6. Nc3 a6 7. cxd5 Nxd5 8. Bxe7 Qxe7 9. a3 Nxc3 10. bxc3 Nd7 11. Bd3 e5 12. Qc2 h6 13. 0-0 Re8 14. Bc4 c5 15. d5 b5 16. d6 Qxd6 17. Rfd1 Qc7 18. Bd5 Rb8 19. e4 c4 20. Nd2 Nc5 21. Nf1 Bg4 22. f3 Nd3 23. Ne3 Qc5 24. Qd2 Bd7 25. a4 Be6 26. Kf1 Bxd5 27. Nxd5 bxa4 28. Rxa4 Nb2 29. Rxa6 Nxd1 30. Qxd1 Rb2 31. Qe1 Reb8 32. Ra1 f5 33. Qh4 Rb1+ 34. Rxb1 Rxb1+ 35. Ke2 Rb2+ 36. Kf1 g5 37. Qe1 f4 38. h4 Qa7 39. Nb4 gxh4 40. Nc6 Qa2 41. Nb4 Qb3 0-1

[Event "EU-ch U14"]
[Site "Bratislava"]
[Date "2019.08.08"]
[Round "7"]
[White "Lovcican, Tomas"]
[Black "Sulgan, Igor"]
[Result "0-1"]
[WhiteElo "1639"]
[BlackElo "1791"]
[PlyCount "88"]
[EventDate "2019.08.02"]
[EventType "swiss"]
[EventRounds "9"]
[EventCountry "SVK"]
[SourceTitle "EXT 2020"]
[Source "ChessBase"]
[SourceDate "2019.10.17"]
[SourceVersion "1"]
[SourceVersionDate "2019.10.17"]
[SourceQuality "1"]

1. c4 e5 2. Nc3 Nc6 3. d3 d6 4. g3 f5 5. Bg2 Nf6 6. Nf3 Be7 7. Bd2 0-0 8. Qb3 Kh8 9. Ng5 h6 10. h4 g6 11. Nf3 Kg7 12. Be3 Ng4 13. Bd2 Rb8 14. Nd5 Be6 15. Qc3 Kh7 16. Nxe7 Qxe7 17. Nh2 f4 18. h5 g5 19. Be4+ Kg8 20. gxf4 exf4 21. Nxg4 Bxg4 22. f3 Bf5 23. Bxc6 bxc6 24. Kf2 c5 25. Rhg1 Kh7 26. b3 Rbe8 27. Rae1 Qf7 28. Rh1 Bc8 29. d4 Qf5 30. Reg1 a6 31. Bc1 Re7 32. Bb2 Rfe8 33. Re1 cxd4 34. Qxd4 g4 35. Rh4 g3+ 36. Kg2 Rxe2+ 37. Rxe2 Rxe2+ 38. Kf1 Rf2+ 39. Ke1 Qb1+ 40. Qd1 Rf1+ 41. Kxf1 Qxd1+ 42. Kg2 Qe2+ 43. Kg1 Qf2+ 44. Kh1 Qf1# 0-1

[Event "EU-ch U14"]
[Site "Bratislava"]
[Date "2019.08.06"]
[Round "5"]
[White "Biolkini, Alexandr"]
[Black "Sulgan, Igor"]
[Result "0-1"]
[WhiteElo "1196"]
[BlackElo "1791"]
[PlyCount "60"]
[EventDate "2019.08.02"]
[EventType "swiss"]
[EventRounds "9"]
[EventCountry "SVK"]
[SourceTitle "EXT 2020"]
[Source "ChessBase"]
[SourceDate "2019.10.17"]
[SourceVersion "1"]
[SourceVersionDate "2019.10.17"]
[SourceQuality "1"]

1. e4 c5 2. Nc3 Nc6 3. g3 g6 4. Bg2 Bg7 5. d3 e5 6. Nge2 Nge7 7. 0-0 0-0 8. a3 d6 9. Bg5 f5 10. exf5 Bxf5 11. Nd5 Qd7 12. c3 Nxd5 13. Bxd5+ Be6 14. Bxe6+ Qxe6 15. Be3 Rad8 16. Nc1 e4 17. dxe4 Qxe4 18. Qd3 Qe6 19. Ne2 Ne5 20. Nf4 Rxf4 21. Bxf4 Nxd3 22. Rab1 Nxf4 23. gxf4 Qg4+ 24. Kh1 Qf3+ 25. Kg1 Rf8 26. Rbe1 Rxf4 27. Re8+ Kf7 28. Rf8+ Kxf8 29. h4 Rg4+ 30. Kh2 Qg2# 0-1

[Event "SVK-ch U14"]
[Site "Liptovsky Mikulas"]
[Date "2018.04.22"]
[Round "3"]
[White "Grec, Jan Alexander"]
[Black "Sulgan, Igor"]
[Result "1-0"]
[WhiteElo "1614"]
[BlackElo "1434"]
[PlyCount "69"]
[EventDate "2018.04.21"]
[EventType "swiss"]
[EventRounds "9"]
[EventCountry "SVK"]
[SourceTitle "CBM 184 Extra"]
[Source "ChessBase"]
[SourceDate "2018.06.28"]
[SourceVersion "1"]
[SourceVersionDate "2018.06.28"]
[SourceQuality "1"]

1. c4 Nf6 2. Nc3 g6 3. g3 Bg7 4. Bg2 0-0 5. d4 d6 6. e4 e5 7. d5 Ne8 8. Be3 a5 9. Rc1 Na6 10. Nge2 b6 11. 0-0 Nc5 12. Na4 Nxa4 13. Qxa4 Bd7 14. Qd1 f5 15. exf5 Bxf5 16. Nc3 Nf6 17. h3 h5 18. a3 Qd7 19. Kh2 Nh7 20. b4 Bf6 21. Qd2 g5 22. Ne4 g4 23. h4 axb4 24. axb4 Ra3 25. Ra1 Rfa8 26. Rxa3 Rxa3 27. c5 Qb5 28. Nxf6+ Nxf6 29. Bh6 Kf7 30. Qg5 Bg6 31. cxd6 cxd6 32. Rc1 Ra7 33. Rc8 Nh7 34. Qd8 Qxb4 35. Qg8+ 1-0

[Event "SVK-ch U14"]
[Site "Liptovsky Mikulas"]
[Date "2018.04.22"]
[Round "2"]
[White "Sulgan, Igor"]
[Black "Slivka, David"]
[Result "1/2-1/2"]
[WhiteElo "1434"]
[BlackElo "1773"]
[PlyCount "20"]
[EventDate "2018.04.21"]
[EventType "swiss"]
[EventRounds "9"]
[EventCountry "SVK"]
[SourceTitle "CBM 184 Extra"]
[Source "ChessBase"]
[SourceDate "2018.06.28"]
[SourceVersion "1"]
[SourceVersionDate "2018.06.28"]
[SourceQuality "1"]

1. d4 d5 2. c4 dxc4 3. Nc3 e5 4. Nf3 exd4 5. Qxd4 Qxd4 6. Nxd4 c6 7. Bf4 Nf6 8. 0-0-0 Nbd7 9. e3 Nb6 10. a4 Bb4 1/2-1/2